Périph - PLK_ Paroles - Statistiques

Statistiques générales
  • Ce quiz a été pris 35 fois
  • Le résultat moyen est 344 sur 499
Statistiques - réponses
Hint Réponse % Correct
à
100%
9.2
96%
9.4
96%
du
96%
la
96%
96%
La
96%
le
96%
Le
96%
mec
96%
Couplet 1 Si
96%
si
96%
t'es
96%
tes
96%
un
96%
9.3
93%
ta
93%
t'a
93%
Ta
93%
tu
93%
Tu
93%
v'
93%
7.5
89%
9.1
89%
9.5
89%
les
89%
Les
89%
t'as
85%
T'as
85%
7.7
81%
7.8
81%
bar
81%
ça
81%
Ca
81%
de
81%
en
81%
fais
81%
une
81%
barre
78%
dans
78%
des
78%
dès
78%
go
78%
périph
78%
porte
78%
que
78%
sa
78%
ton
78%
Ton
78%
on
74%
balance
70%
boloss
70%
c'est
70%
C'est
70%
J'emmerde
70%
Nanterre
70%
ou
70%
pote
70%
quelle
70%
qui
70%
Qui
70%
sors
70%
s'tu
70%
tout
70%
vérif
70%
et
67%
frère
67%
Fuck
67%
(fuck)
67%
garde
67%
gare
67%
prends
67%
vie
67%
bien
63%
devant
63%
dit
63%
est
63%
fait
63%
jours
63%
passais
63%
pleure
63%
Pour
63%
pour
63%
shérif
63%
sous
63%
stup
63%
Sur
63%
sur
63%
tard
63%
victime
63%
violence
63%
bosse
59%
cafés
59%
déjà
59%
FIFA
59%
fous
59%
galère
59%
nuit
59%
p'tit
59%
roules
59%
salon
59%
semaine
59%
talon
59%
tarés
59%
Toujours
59%
toujours
59%
tous
59%
trop
59%
veux
59%
voiture
59%
week-end
59%
affaires
56%
au
56%
avec
56%
Avec
56%
bourrée
56%
chicha
56%
faire
56%
faisais
56%
faut
56%
fini
56%
forcément
56%
grec
56%
jeunesse
56%
l'Arc
56%
l'excès
56%
l'train
56%
mineur
56%
pizza
56%
repasse
56%
sept
56%
sort
56%
steak
56%
Toi
56%
toi
56%
t'sauve
56%
vois
56%
Y'a
56%
129
52%
appelé
52%
bah
52%
banlieue
52%
Banlieue
52%
bas
52%
Bobigny
52%
c'était
52%
Combien
52%
connue
52%
daron
52%
d'fois
52%
d'la
52%
dossard
52%
Esthétique
52%
famille
52%
haché
52%
likes
52%
Mais
52%
mais
52%
manager
52%
manucure
52%
mental
52%
mif'
52%
nerveux
52%
Paname
52%
préparée
52%
projet
52%
Qu'à
52%
qu'à
52%
s'barre"
52%
sceptique
52%
t'appuyais
52%
traines
52%
Tribunal
52%
vérité
52%
vesqui
52%
V.I.P
52%
abonnés
48%
aller
48%
bellek
48%
bombardes
48%
bosses
48%
boug
48%
calme
48%
capuché
48%
carrés
48%
Cent
48%
clochard
48%
commu
48%
compèt
48%
elle
48%
fois
48%
grandis
48%
heure
48%
il
48%
Jamais
48%
l'été
48%
l'matin
48%
niveau
48%
portes
48%
quitté
48%
sec
48%
sereine
48%
Smart
48%
"Viens
48%
vrai
48%
arracheur
44%
balle
44%
cours
44%
dort
44%
d'planquer
44%
fac
44%
l'inspecteur
44%
l'passes
44%
l'secteur
44%
manges
44%
monté
44%
ouais
44%
pendant
44%
plusieurs
44%
refuses
44%
Saxo
44%
snap
44%
t'évolue
44%
T'investis
44%
titres
44%
tournoi
44%
t'ouvres
44%
venir
44%
vient
44%
vitrine
44%
Vitry
44%
balances
41%
bon
41%
dix-huit
41%
fils
41%
foot
41%
Grosse
41%
l'permis
41%
qu't'on
41%
teuf
41%
toutes
41%
arme
37%
continues
37%
d'king
37%
eu
37%
jeté
37%
meilleure pote
37%
shtar
37%
Couplet 2 Si t'es une go
37%
barrer
33%
cons
33%
Indépendante
33%
joues
33%
l'fou
33%
pain
33%
pines-co
33%
Pita
33%
quetu
33%
sinc
33%
surun
33%
t'saute
33%
unfrère
33%
volait
33%
Benidorm
30%
tête
30%
t'ramènent
30%
viser
30%
d'Grigny
26%
laud-sa
26%
(oui)
26%
Vicky
26%
quisort
22%
Sceaux
22%
s'maine
22%
(hein)
19%
l'OPG
15%
ppe-f
15%
(sérieux)
7%
instinct
0%
REFRAIN x3 Refrain
0%
Aucun quiz correspondant
Distribution des résultats
% des personnes avec chaque résultat
Percentile par nombre de réponses
Votre historique - résultats
Vous n’avez pas pris ce quiz